<?xml version="1.0" encoding="UTF-8"?>
<record
    xmlns:xsi="http://www.w3.org/2001/XMLSchema-instance"
    xsi:schemaLocation="http://www.loc.gov/MARC21/slim http://www.loc.gov/standards/marcxml/schema/MARC21slim.xsd"
    xmlns="http://www.loc.gov/MARC21/slim">

  <leader>00589nam a2200217Ia 4500</leader>
  <datafield tag="999" ind1=" " ind2=" ">
    <subfield code="c">41220</subfield>
    <subfield code="d">41220</subfield>
  </datafield>
  <controlfield tag="001">7872</controlfield>
  <controlfield tag="003">GE_BSU</controlfield>
  <controlfield tag="005">20220927155712.0</controlfield>
  <controlfield tag="008">181216s2006fe  xx |||||||||||||| ||fre||</controlfield>
  <datafield tag="020" ind1=" " ind2=" ">
    <subfield code="a">9782080722928</subfield>
  </datafield>
  <datafield tag="040" ind1=" " ind2=" ">
    <subfield code="c">GE_BSU</subfield>
  </datafield>
  <datafield tag="041" ind1=" " ind2=" ">
    <subfield code="a">fre</subfield>
  </datafield>
  <datafield tag="080" ind1=" " ind2=" ">
    <subfield code="a">811.133.1 H-90</subfield>
  </datafield>
  <datafield tag="100" ind1=" " ind2=" ">
    <subfield code="a">Hugo, De</subfield>
    <subfield code="9">14863</subfield>
  </datafield>
  <datafield tag="245" ind1=" " ind2=" ">
    <subfield code="a">Notre-Dame de Paris /</subfield>
    <subfield code="c"> De  Hugo,</subfield>
  </datafield>
  <datafield tag="264" ind1=" " ind2=" ">
    <subfield code="a">Paris :</subfield>
    <subfield code="b">Flammarion,</subfield>
    <subfield code="c">2006.</subfield>
  </datafield>
  <datafield tag="300" ind1=" " ind2=" ">
    <subfield code="a">224 p.:</subfield>
    <subfield code="c">18 cm.</subfield>
  </datafield>
  <datafield tag="653" ind1=" " ind2=" ">
    <subfield code="a">Notre-Dame de Paris</subfield>
  </datafield>
  <datafield tag="653" ind1=" " ind2=" ">
    <subfield code="a">&#x10DE;&#x10D0;&#x10E0;&#x10D8;&#x10D6;&#x10D8;&#x10E1; &#x10E6;&#x10D5;&#x10D7;&#x10D8;&#x10E1;&#x10DB;&#x10E8;&#x10DD;&#x10D1;&#x10DA;&#x10D8;&#x10E1; &#x10E2;&#x10D0;&#x10EB;&#x10D0;&#x10E0;&#x10D8;</subfield>
  </datafield>
  <datafield tag="942" ind1=" " ind2=" ">
    <subfield code="c">BK</subfield>
    <subfield code="2">udc</subfield>
  </datafield>
  <datafield tag="952" ind1=" " ind2=" ">
    <subfield code="0">0</subfield>
    <subfield code="1">0</subfield>
    <subfield code="2">udc</subfield>
    <subfield code="4">0</subfield>
    <subfield code="6">8111331_H90</subfield>
    <subfield code="7">0</subfield>
    <subfield code="9">47503</subfield>
    <subfield code="a">CPL</subfield>
    <subfield code="b">CPL</subfield>
    <subfield code="c">GEN</subfield>
    <subfield code="d">2018-12-17</subfield>
    <subfield code="g">25.00</subfield>
    <subfield code="o">811.133.1 H-90</subfield>
    <subfield code="p">24287</subfield>
    <subfield code="r">2018-12-17</subfield>
    <subfield code="t">24287</subfield>
    <subfield code="w">2018-12-17</subfield>
    <subfield code="y">BK</subfield>
    <subfield code="z">25.00</subfield>
  </datafield>
  <datafield tag="952" ind1=" " ind2=" ">
    <subfield code="0">0</subfield>
    <subfield code="1">0</subfield>
    <subfield code="2">udc</subfield>
    <subfield code="4">0</subfield>
    <subfield code="6">8111331_H90</subfield>
    <subfield code="7">0</subfield>
    <subfield code="9">47504</subfield>
    <subfield code="a">CPL</subfield>
    <subfield code="b">CPL</subfield>
    <subfield code="c">GEN</subfield>
    <subfield code="d">2018-12-17</subfield>
    <subfield code="g">25.00</subfield>
    <subfield code="o">811.133.1 H-90</subfield>
    <subfield code="p">24288</subfield>
    <subfield code="r">2018-12-17</subfield>
    <subfield code="t">24288</subfield>
    <subfield code="w">2018-12-17</subfield>
    <subfield code="y">BK</subfield>
    <subfield code="z">25.00</subfield>
  </datafield>
  <datafield tag="952" ind1=" " ind2=" ">
    <subfield code="0">0</subfield>
    <subfield code="1">0</subfield>
    <subfield code="2">udc</subfield>
    <subfield code="4">0</subfield>
    <subfield code="6">8111331_H90</subfield>
    <subfield code="7">0</subfield>
    <subfield code="9">47505</subfield>
    <subfield code="a">CPL</subfield>
    <subfield code="b">CPL</subfield>
    <subfield code="c">GEN</subfield>
    <subfield code="d">2018-12-17</subfield>
    <subfield code="g">25.00</subfield>
    <subfield code="o">811.133.1 H-90</subfield>
    <subfield code="p">24289</subfield>
    <subfield code="r">2018-12-17</subfield>
    <subfield code="t">24289</subfield>
    <subfield code="w">2018-12-17</subfield>
    <subfield code="y">BK</subfield>
    <subfield code="z">25.00</subfield>
  </datafield>
  <datafield tag="952" ind1=" " ind2=" ">
    <subfield code="0">0</subfield>
    <subfield code="1">0</subfield>
    <subfield code="2">udc</subfield>
    <subfield code="4">0</subfield>
    <subfield code="6">8111331_H90</subfield>
    <subfield code="7">0</subfield>
    <subfield code="9">47506</subfield>
    <subfield code="a">CPL</subfield>
    <subfield code="b">CPL</subfield>
    <subfield code="c">GEN</subfield>
    <subfield code="d">2018-12-17</subfield>
    <subfield code="g">25.00</subfield>
    <subfield code="o">811.133.1 H-90</subfield>
    <subfield code="p">24290</subfield>
    <subfield code="r">2018-12-17</subfield>
    <subfield code="t">24290</subfield>
    <subfield code="w">2018-12-17</subfield>
    <subfield code="y">BK</subfield>
    <subfield code="z">25.00</subfield>
  </datafield>
</record>
